000 00457pab a2200205 454500
008 180718b2010 xxu||||| |||| 00| 0 eng d
100 _aSharma, Rajiv
245 _aPlanning for mobility of the urban poor
260 _c2010
300 _ap.1-12.
362 _aApr-Jun
650 _aNagarlok
650 _aUrban poor
650 _aPoverty
700 _aJain, S.S.
700 _aParida, M.
773 _aNagarlok
908 _aN
909 _a87804
999 _c87804
_d87804